[Event "Montigny le Bretonneux op 20th"]
[Site "Montigny le Bretonneux"]
[Date "2022.10.24"]
[Round "3"]
[White "Rosu, Alexandru"]
[Black "Ndika, Anthony"]
[Result "1-0"]
[WhiteElo "1428"]
[BlackElo "1265"]
[PlyCount "53"]
[EventDate "2022.10.22"]
[EventType "swiss"]
[EventRounds "9"]
[EventCountry "FRA"]
[SourceTitle "EXT 2024"]
[Source "ChessBase"]
[SourceDate "2023.10.10"]
[SourceVersion "1"]
[SourceVersionDate "2023.10.10"]
[SourceQuality "1"]

1. e4 e6 2. d4 d5 3. exd5 exd5 4. c4 Nf6 5. Nc3 Be7 6. Nf3 b6 7. Bd3 dxc4 8. Bxc4 Ba6 9. Qa4+ Qd7 10. Bxf7+ Kf8 11. Qxd7 Nbxd7 12. Bb3 Re8 13. Be3 Bd3 14. Ng5 Bf5 15. 0-0 a6 16. Nf3 Bd3 17. Rfe1 Bd6 18. Bd2 Ne4 19. Nxe4 Bxe4 20. Ne5 Nxe5 21. dxe5 Rxe5 22. f3 Bb7 23. Rxe5 Bxe5 24. Re1 Bxb2 25. Bf4 Bd4+ 26. Kh1 c5 27. Bd6# 1-0

[Event "Montigny le Bretonneux op 21st"]
[Site "Montigny le Bretonneux"]
[Date "2021.12.29"]
[Round "5"]
[White "Rosu, Alexandru"]
[Black "Longbien, Dominique"]
[Result "1-0"]
[WhiteElo "1245"]
[BlackElo "1417"]
[PlyCount "75"]
[EventDate "2021.12.26"]
[EventType "swiss"]
[EventRounds "9"]
[EventCountry "FRA"]
[SourceTitle "EXT 2023"]
[Source "ChessBase"]
[SourceDate "2022.10.05"]
[SourceVersion "1"]
[SourceVersionDate "2022.10.05"]
[SourceQuality "1"]

1. e4 c6 2. d4 d5 3. exd5 cxd5 4. Nf3 Nc6 5. Be2 e6 6. 0-0 Be7 7. Be3 Nf6 8. c4 0-0 9. Nc3 Na5 10. c5 Nc6 11. a3 a6 12. b4 b6 13. Rb1 Qc7 14. b5 axb5 15. cxb6 Qxb6 16. Rxb5 Qc7 17. a4 Ba6 18. Rb1 Bxe2 19. Qxe2 Na5 20. Rfc1 Nc4 21. Nd2 Nxd2 22. Nxd5 Qd8 23. Nxe7+ Qxe7 24. Bxd2 Rxa4 25. Qb5 Qa7 26. Bb4 Ra8 27. Qc4 h6 28. Qc5 Qd7 29. Qc3 Nd5 30. Qf3 Rb8 31. Bc5 Rxb1 32. Rxb1 Qc7 33. Qb3 Qc6 34. Qb8+ Kh7 35. Qg3 Qa6 36. Bf8 g6 37. h4 h5 38. Qg5 1-0

[Event "Montigny le Bretonneux op 21st"]
[Site "Montigny le Bretonneux"]
[Date "2021.12.27"]
[Round "1"]
[White "Faris, Marouane"]
[Black "Rosu, Alexandru"]
[Result "0-1"]
[WhiteElo "1662"]
[BlackElo "1245"]
[PlyCount "78"]
[EventDate "2021.12.26"]
[EventType "swiss"]
[EventRounds "9"]
[EventCountry "FRA"]
[SourceTitle "EXT 2023"]
[Source "ChessBase"]
[SourceDate "2022.10.05"]
[SourceVersion "1"]
[SourceVersionDate "2022.10.05"]
[SourceQuality "1"]

1. e4 e5 2. Nf3 Nc6 3. Bc4 Bc5 4. c3 Nf6 5. d3 d6 6. 0-0 Be6 7. Bb5 0-0 8. Re1 a6 9. Ba4 b5 10. Bc2 d5 11. Nbd2 dxe4 12. dxe4 Qd6 13. h3 Rfd8 14. Qe2 Ne7 15. b3 Ng6 16. Nf1 Qe7 17. Kh2 Bb6 18. g3 c5 19. Be3 Qb7 20. Rab1 Nxe4 21. Bxe4 Qxe4 22. Ng5 Qf5 23. Nxe6 Qxe6 24. c4 b4 25. Rbd1 Rxd1 26. Rxd1 Qe7 27. Rd5 Rd8 28. Bc1 a5 29. Ne3 Nf4 30. Nf5 Nxe2 31. Nxe7+ Kf8 32. Rxd8+ Bxd8 33. Nc6 Nxc1 34. Nxd8 Nxa2 35. Nc6 a4 36. bxa4 b3 37. a5 b2 38. a6 b1Q 39. a7 Qb7 0-1

[Event "Montigny le Bretonneux op 21st"]
[Site "Montigny le Bretonneux"]
[Date "2021.12.27"]
[Round "2"]
[White "Weens, William"]
[Black "Rosu, Alexandru"]
[Result "0-1"]
[WhiteElo "1697"]
[BlackElo "1245"]
[PlyCount "214"]
[EventDate "2021.12.26"]
[EventType "swiss"]
[EventRounds "9"]
[EventCountry "FRA"]
[SourceTitle "EXT 2023"]
[Source "ChessBase"]
[SourceDate "2022.10.05"]
[SourceVersion "1"]
[SourceVersionDate "2022.10.05"]
[SourceQuality "1"]

1. e4 e5 2. Nf3 Nc6 3. Bb5 a6 4. Ba4 Nf6 5. 0-0 d6 6. h3 Be7 7. Re1 0-0 8. c3 Be6 9. d4 exd4 10. cxd4 d5 11. e5 Ne4 12. Nc3 Nxc3 13. bxc3 b5 14. Bc2 Na5 15. Bf4 Nc4 16. Nd2 Bg5 17. Qh5 h6 18. Bxg5 Qxg5 19. Qxg5 hxg5 20. Nxc4 bxc4 21. Ba4 Rfd8 22. Bc6 Rab8 23. Rab1 Rb6 24. Rxb6 cxb6 25. Bb7 Bc8 26. Bxc8 Rxc8 27. a4 Rc6 28. Kh2 Kf8 29. Kg3 Ke7 30. Kg4 Rg6 31. Kf5 Kd7 32. Re2 Ke7 33. Rb2 Kd7 34. Re2 Ke7 35. Re1 Kd7 36. Rh1 Ke7 37. g3 Kd7 38. Rb1 Ke7 39. Rb2 Kd7 40. Kg4 Ke7 41. Kf5 Kd7 42. f4 gxf4 43. Kxf4 Kc6 44. h4 b5 45. axb5+ axb5 46. h5 Re6 47. Kf5 g6+ 48. hxg6 Rxg6 49. g4 Re6 50. g5 Rg6 51. Rb1 Re6 52. Kg4 Rg6 53. Kf4 Re6 54. Ra1 Kb7 55. Rb1 Kc6 56. Ra1 Kb7 57. Kf5 Rg6 58. Rf1 Re6 59. Kg4 Re7 60. Rb1 Kc6 61. Ra1 Kb7 62. Ra2 Re6 63. Rf2 Re7 64. Rb2 Kc6 65. Kh5 Re6 66. Ra2 Kb7 67. Rf2 Re7 68. Kh6 b4 69. Rb2 b3 70. Kg7 Kc6 71. Kf6 Ra7 72. e6 fxe6 73. g6 Ra1 74. g7 Rf1+ 75. Kxe6 Re1+ 76. Kf6 Rf1+ 77. Ke5 Rg1 78. Kf6 Rf1+ 79. Ke7 Re1+ 80. Kf7 Rf1+ 81. Kg8 Kb5 82. Kh7 Rh1+ 83. Kg6 Rg1+ 84. Kf6 Rf1+ 85. Ke6 Rg1 86. Kf7 Ka4 87. g8Q Rxg8 88. Kxg8 Ka3 89. Rf2 b2 90. Rf1 Kb3 91. Kf7 Kxc3 92. Ke6 Kb3 93. Kxd5 c3 94. Ke6 c2 95. Rf8 c1Q 96. Rb8+ Kc2 97. Rc8+ Kd1 98. Rxc1+ bxc1Q 99. d5 Qe3+ 100. Kd7 Kc2 101. d6 Kc3 102. Kc8 Qc5+ 103. Kd7 Kd4 104. Ke6 Qc6 105. Ke7 Kd5 106. d7 Qe6+ 107. Kd8 Kc6 0-1

[Event "C'Chartres Blitz op April"]
[Site "Europe Echecs INT"]
[Date "2021.04.10"]
[Round "9"]
[White "Rosu, Alexandru"]
[Black "Merabete, Ricardo"]
[Result "1-0"]
[WhiteElo "1126"]
[BlackElo "1511"]
[PlyCount "85"]
[EventDate "2021.04.10"]
[EventType "swiss (blitz)"]
[EventRounds "11"]
[EventCountry "FRA"]
[SourceTitle "CBM 201 Extra"]
[Source "ChessBase"]
[SourceDate "2021.05.31"]
[SourceVersion "1"]
[SourceVersionDate "2021.05.31"]
[SourceQuality "1"]

1. e4 c6 2. d4 d5 3. exd5 cxd5 4. Nc3 Nf6 5. Bf4 Bg4 6. Be2 Bf5 7. Nf3 e6 8. 0-0 a6 9. Re1 Bd6 10. Bxd6 Qxd6 11. Bd3 0-0 12. Bxf5 exf5 13. Ne5 Ne4 14. Nxe4 fxe4 15. c4 f6 16. Ng4 dxc4 17. Ne3 b5 18. Nc2 f5 19. b3 Rf6 20. d5 Rh6 21. Qd4 Qxh2+ 22. Kf1 Qh1+ 23. Ke2 Qxg2 24. d6 Qf3+ 25. Kd2 Qd3+ 26. Qxd3 cxd3 27. Ne3 Rf6 28. Rac1 Nd7 29. Rc7 Rd8 30. Rec1 g6 31. Rc8 Rxc8 32. Rxc8+ Kf7 33. Rc7 Ke6 34. Nd5 Rf7 35. Nf4+ Kxd6 36. Ra7 Ke5 37. Ng2 h5 38. Rxa6 Nc5 39. Rb6 Rb7 40. Rxg6 Rh7 41. f4+ Kd5 42. Ne3+ Kd4 43. Rd6# 1-0

[Event "C'Chartres Blitz op April"]
[Site "Europe Echecs INT"]
[Date "2021.04.10"]
[Round "2"]
[White "Sharikov, Alexander"]
[Black "Rosu, Alexandru"]
[Result "1-0"]
[WhiteElo "2132"]
[BlackElo "1126"]
[PlyCount "83"]
[EventDate "2021.04.10"]
[EventType "swiss (blitz)"]
[EventRounds "11"]
[EventCountry "FRA"]
[SourceTitle "CBM 201 Extra"]
[Source "ChessBase"]
[SourceDate "2021.05.31"]
[SourceVersion "1"]
[SourceVersionDate "2021.05.31"]
[SourceQuality "1"]

1. c3 e5 2. d3 Nf6 3. Qa4 Nc6 4. g4 h6 5. Bg2 Bc5 6. h4 a6 7. g5 hxg5 8. hxg5 b5 9. Rxh8+ Bf8 10. gxf6 bxa4 11. fxg7 Qe7 12. gxf8Q+ Qxf8 13. Rxf8+ Kxf8 14. Bxc6 dxc6 15. Nf3 Ke7 16. Nxe5 Bb7 17. Be3 Rh8 18. Nd2 Rh1+ 19. Nf1 c5 20. Kd2 Bg2 21. Bxc5+ Ke6 22. Ng4 Rxf1 23. Rxf1 Bxf1 24. Ne3 Bh3 25. f4 c6 26. c4 f5 27. Kc3 Bg4 28. Nxg4 fxg4 29. e4 g3 30. Be3 g2 31. d4 Kf6 32. f5 a5 33. d5 cxd5 34. cxd5 Ke5 35. Kd3 Kf6 36. d6 Kf7 37. e5 Ke8 38. e6 a3 39. bxa3 a4 40. d7+ Ke7 41. Bb6 g1Q 42. d8Q# 1-0

[Event "Ville d'Orsay online Blitz"]
[Site "Europe Echecs INT"]
[Date "2021.02.07"]
[Round "9"]
[White "Aliyarli, Khan"]
[Black "Rosu, Alexandru"]
[Result "1-0"]
[WhiteElo "1222"]
[BlackElo "1126"]
[PlyCount "21"]
[EventDate "2021.02.07"]
[EventType "swiss (blitz)"]
[EventRounds "11"]
[EventCountry "FRA"]
[SourceTitle "CBM 200 Extra"]
[Source "ChessBase"]
[SourceDate "2021.03.31"]
[SourceVersion "1"]
[SourceVersionDate "2021.03.31"]
[SourceQuality "1"]

1. e4 e5 2. Nf3 Nc6 3. d4 exd4 4. Bc4 Nf6 5. Ng5 d5 6. exd5 Nxd5 7. 0-0 h6 8. Nxf7 Kxf7 9. Qf3+ Ke6 10. Re1+ Kd6 11. Qxd5# 1-0

[Event "Ville d'Orsay online Blitz"]
[Site "Europe Echecs INT"]
[Date "2021.02.07"]
[Round "8"]
[White "Quenehen, Nassim"]
[Black "Rosu, Alexandru"]
[Result "1-0"]
[WhiteElo "1355"]
[BlackElo "1126"]
[PlyCount "161"]
[EventDate "2021.02.07"]
[EventType "swiss (blitz)"]
[EventRounds "11"]
[EventCountry "FRA"]
[SourceTitle "CBM 200 Extra"]
[Source "ChessBase"]
[SourceDate "2021.03.31"]
[SourceVersion "1"]
[SourceVersionDate "2021.03.31"]
[SourceQuality "1"]

1. d4 d5 2. c4 e6 3. cxd5 exd5 4. Nc3 Nf6 5. Bg5 Be7 6. e3 h6 7. Bh4 0-0 8. Nf3 Nc6 9. Bd3 Bg4 10. Be2 Nd7 11. Bxe7 Qxe7 12. Nxd5 Qd8 13. Nc3 Nf6 14. 0-0 Nd5 15. Qd3 Nxc3 16. Qxc3 Qd5 17. Qb3 Qxb3 18. axb3 a5 19. Rfe1 Rfb8 20. Nd2 Bxe2 21. Rxe2 b5 22. Ree1 Nb4 23. Rec1 Rc8 24. Rc3 Nd5 25. Rc5 c6 26. Rac1 Nb4 27. R1c3 a4 28. h3 a3 29. bxa3 Rxa3 30. Kh2 Ra6 31. Ne4 Nd5 32. Rc2 Nb4 33. Rd2 Ra3 34. Nd6 Rd8 35. Ne4 Rxb3 36. Re5 Rd3 37. Rxd3 Nxd3 38. Nc5 Nxc5 39. Rxc5 Rc8 40. d5 b4 41. dxc6 b3 42. Rb5 Rxc6 43. Rxb3 g6 44. Rd3 Kg7 45. g4 g5 46. f4 Rc2+ 47. Kg3 gxf4+ 48. Kxf4 Rf2+ 49. Kg3 Rf6 50. h4 Kg6 51. e4 Re6 52. Re3 Re5 53. Kf4 Re6 54. g5 hxg5+ 55. hxg5 f6 56. gxf6 Kxf6 57. e5+ Ke7 58. Kf5 Ra6 59. Rc3 Ra7 60. Rh3 Ra1 61. Rh7+ Kf8 62. Rh8+ Kg7 63. Rd8 Rf1+ 64. Ke6 Re1 65. Rd7+ Kg6 66. Rf7 Rd1 67. Rf6+ Kg5 68. Kf7 Rd5 69. e6 Re5 70. e7 Re4 71. Rg6+ Kf5 72. Rf6+ Kg5 73. Re6 Rf4+ 74. Ke8 Rf1 75. Kd7 Rd1+ 76. Rd6 Re1 77. e8Q Rxe8 78. Kxe8 Kf5 79. Ra6 Ke5 80. Kd7 Kd5 81. Ra5+ 1-0

[Event "Ville d'Orsay online Blitz"]
[Site "Europe Echecs INT"]
[Date "2021.02.07"]
[Round "1"]
[White "Rosu, Alexandru"]
[Black "Ludwiczak, Virginie"]
[Result "0-1"]
[WhiteElo "1126"]
[BlackElo "1882"]
[PlyCount "88"]
[EventDate "2021.02.07"]
[EventType "swiss (blitz)"]
[EventRounds "11"]
[EventCountry "FRA"]
[SourceTitle "CBM 200 Extra"]
[Source "ChessBase"]
[SourceDate "2021.03.31"]
[SourceVersion "1"]
[SourceVersionDate "2021.03.31"]
[SourceQuality "1"]

1. e4 e6 2. d4 d5 3. e5 c5 4. c3 Nc6 5. Nf3 Bd7 6. Be3 Qb6 7. b3 a5 8. dxc5 Bxc5 9. Bxc5 Qxc5 10. Nd4 Nxe5 11. Qe2 Nc6 12. Nxc6 bxc6 13. Qe3 Qxe3+ 14. fxe3 Ne7 15. Bd3 0-0 16. 0-0 f6 17. e4 e5 18. exd5 cxd5 19. c4 Be6 20. cxd5 Bxd5 21. Bc4 Bxc4 22. bxc4 Rac8 23. Nd2 Rfd8 24. Rfd1 Nf5 25. Kf2 Kf7 26. Rac1 a4 27. Nf3 Rxd1 28. Rxd1 Rxc4 29. Rd7+ Ke6 30. Ra7 Rc2+ 31. Ke1 Rxa2 32. Kf1 h5 33. Ne1 Ne3+ 34. Kg1 g5 35. Ra6+ Kf5 36. Ra5 g4 37. g3 Ke4 38. Ra6 f5 39. Ra5 f4 40. gxf4 exf4 41. Ra6 f3 42. Re6+ Kd4 43. Rh6 f2+ 44. Kh1 fxe1Q# 0-1

[Event "Ville d'Orsay online Blitz"]
[Site "Europe Echecs INT"]
[Date "2021.02.07"]
[Round "7"]
[White "Rosu, Alexandru"]
[Black "Mallevaey, Armand"]
[Result "0-1"]
[WhiteElo "1126"]
[BlackElo "1692"]
[PlyCount "120"]
[EventDate "2021.02.07"]
[EventType "swiss (blitz)"]
[EventRounds "11"]
[EventCountry "FRA"]
[SourceTitle "CBM 200 Extra"]
[Source "ChessBase"]
[SourceDate "2021.03.31"]
[SourceVersion "1"]
[SourceVersionDate "2021.03.31"]
[SourceQuality "1"]

1. e4 c5 2. Nf3 e6 3. d4 cxd4 4. Nxd4 a6 5. Nc3 Qc7 6. Be2 Nc6 7. 0-0 Nf6 8. Bg5 h6 9. Bxf6 gxf6 10. Nxc6 dxc6 11. Qd2 Bd6 12. g3 Bd7 13. Rfd1 Be5 14. f4 Bxc3 15. Qxc3 e5 16. fxe5 fxe5 17. Rd2 0-0-0 18. Rad1 Be6 19. Rxd8+ Rxd8 20. Rxd8+ Kxd8 21. Qd3+ Qd7 22. Qxd7+ Kxd7 23. b3 Kd6 24. Kf2 Kc5 25. a3 Kd4 26. Ke1 Kc3 27. Kd1 Kb2 28. a4 Kc3 29. Bd3 Bxb3 30. cxb3 Kxd3 31. h4 Kxe4 32. g4 Kf4 33. g5 hxg5 34. h5 Kf5 35. h6 Kg6 36. h7 Kxh7 37. Ke2 f5 38. Kf3 g4+ 39. Kg3 e4 40. Kf4 Kg6 41. Kg3 Kg5 42. Kf2 f4 43. b4 a5 44. bxa5 Kf5 45. a6 bxa6 46. a5 c5 47. Ke2 f3+ 48. Kd2 g3 49. Kc3 Ke5 50. Kc4 Kd6 51. Kc3 f2 52. Kc4 f1Q+ 53. Kc3 Qd3+ 54. Kb2 c4 55. Ka2 g2 56. Kb2 Qb3+ 57. Kc1 g1Q+ 58. Kd2 Qbd1+ 59. Kc3 Qd3+ 60. Kb4 Qb3# 0-1